000 01132nam a2200265 4500
005 20240530110438.0
008 150326s2009 su bo f 000 0 ara d
017 _a1429/14817
_bالسعودية . مكتبة الملك فهد
020 _a9789960545646
040 _aEG-CaGPL
082 0 4 _221
_a909.7
_bس أ
100 0 _aسامى بن عبدالله بن احمد المغلوث
245 1 0 _aاطلس الحملات الصليبية على المشرق الاسلامى فى العصور الوسطى /
_cتاليف وتصميم سامى بن عبدالله بن احمد المغلوث
250 _aالاولى
260 _aالرياض :
_bالعبيكان للنشر ،
_c2009 .
300 _a261 ص :
_bايض ؛
_c28 سم
650 0 4 _aالحروب الصليبية
650 0 4 _aالحروب الصليبية
_xخرائط
650 0 4 _aالحملات الصليبية
650 0 4 _aالعصور الوسطى
_xتاريخ
650 0 4 _aالتاريخ الاسلامى
651 0 4 _aاوروبا
_xتاريخ
_yالعصور الوسطى
942 _2ddc
_cBK
999 _c60987
_d60987